| 000 | 00876nam a22002657a 4500 | ||
|---|---|---|---|
| 003 | BCEG | ||
| 005 | 20260110140811.0 | ||
| 008 | 260110b |||||||| |||| 00| 0 spa d | ||
| 020 | _a9786077475675 | ||
| 040 |
_aBCEG _bspa _cBCEG |
||
| 082 | 0 | 4 |
_a617.480232 _bK242h |
| 100 | 1 | _aKean, Sam. | |
| 245 | 1 | 4 |
_aUna historia insólita de la neurología _b: casos reales de trauma, locura y recuperación. |
| 260 |
_aCiudad de México : _bPaidós : Ariel, _c2018. |
||
| 300 |
_a426 p. : _bil. |
||
| 504 | _aIncluye bibliografía. | ||
| 534 |
_pTítulo original: _tThe tale of the dueling neurosurgeons. |
||
| 541 | _aDonación. | ||
| 650 | 1 | 4 |
_aCerebro _xEnfermedades _vObras de divulgación. |
| 650 | 1 | 4 |
_aNeurociencias _xHistoria _vObras de divulgación. |
| 700 | 1 |
_aUranga, Gabriela, _etr. |
|
| 700 | 1 |
_aRomán, Carmen, _etr. |
|
| 700 | 1 |
_aRoja, Beatríz, _eil. |
|
| 942 | _cBK | ||
| 999 |
_c436977 _d436977 |
||